Physics Equations - Statistics

General Stats
  • This quiz has been taken 423 times
  • The average score is 5 of 29
Answer Stats
Picture Answer % Correct
Kinetic Energy
90%
Newton's Second Law of Motion
50%
Newton's Universal Law of Gravitation
38%
Schrödinger equation
38%
Work
33%
Heisenberg's Uncertainty Principle
29%
Lorentz Force Law
26%
Gauss' Law
22%
Boyle's Law
21%
Momentum Operator
18%
Ampère's Circuital Law
17%
Biot-Savart Law
17%
Action
16%
Euler-Lagrange Equations
16%
Lorentz Factor
15%
Maxwell-Faraday Equation
15%
Dirac Equation
14%
Einstein Field Equations
8%
Geodesic Equation
8%
Gauss' Law for Magnetism
7%
Electromagnetic Stress-Energy Tensor
6%
Schwarzschild metric
5%
Fick's Second Law of Diffusion
4%
Inertia Tensor
4%
Faraday Tensor
3%
Riemann curvature tensor
3%
Hamilton's Principle
2%
Polyakov Action
2%
Klein-Gordon Equation
1%
No matching quizzes found
Score Distribution
Percent of People with Each Score
Percentile by Number Answered
Your Score History
You have not taken this quiz